000 00777nam a2200205Ii 4500
003 JO-AjNU
008 230606s9999||||xx |||||||||||||| ||und||
020 _a978-0-415-55141-0
040 _aJO-AjNU
_beng
_erda
_cJO-AjNU
041 _aeng
050 1 4 _aP129.R55 2010
100 3 _aRichards.Keith تاليف/ Ross,Steven م.مشارك/Seedhouse,Paul م.مشارك,
_eauthor
_91647
245 0 0 _aResearch Methods For Applied Language Studies:an advanced resource book for Students
264 3 1 _aLondon:Routledge Taylor&Francis Group,2010
300 _a373p
336 _atext
_btxt
_2rdacontent
337 _aunmediated
_bn
_2rdamedia
338 _avolume
_bnc
_2rdacarrier
650 4 _aResearch Methods For Applied Language Studies-an advanced resource book for Students
_91648
999 _aE864
_c864
_d864